000 00780nam a22002777a 4500
001 BR0001757
003 BR-BrBNA
005 20230928100538.0
007 ta
008 230509b bl.||||| |||| 00| 0 por d
040 _aBR-BrBNA
_bpor
_cBiblioteca Nacional de Agricultura
041 _a(Por)
072 _aL01
_b5300
090 _ 5300 BR0001757
110 1 _aAssociacao Brasileira de Criadores de Suinos, Estrela, RS (Brasil)
_9266
245 1 _aRelatorio de registro genealogico e provas zootecnicas 1997
260 3 _aEstrela, RS (Brasil):
_c1997.
300 _a54 p.
500 _a43 tables; 31 illus.
650 _aSuinocultura
650 _aProducao Animal
650 _aRebanho
650 _aComercio
909 _a202309
_bLucia
_c55
_dLucia Elande
942 _cBK
999 _c61757
_d61757